000 00579nam a2200181Ia 4500
008 100921s9999 xx 000 0 und d
082 _b17880
_a891.463 थ 77
100 _aभावे पुरूषोत्तम भास्कर.
245 _aवर्षाव.
260 _bमेनका प्रकाशन,पुणे.
_c1977
300 _a202
_b---
365 _b15
520 _aललित-कादंबरी.
630 _aवर्षाव.
650 _aललित-कादंबरी.
730 _aवर्षाव.
942 _cBOOK
999 _c766993
_d766990